Úrad splnomocnenkyne vlády SR pre rómske komunity pripravuje intenzívnu informačnú kampaň o zavedení eura

Podrobná bibliografia
Hlavný autor: Havrľová, Denisa, 1971- (Autor)
Médium: Článok
Jazyk:slovenčina
Fyzický popis:Fotogr.
Predmet:

MARC

LEADER 00000nab a2200000 a 4500
001 vtls010255840
003 SK-MaSNL
005 20260303210852.0
008 11030221c2007 xo o e sl
035 |a SVKKK000087514 
038 |a SVKKK 
040 |a SVKKK  |b slo  |c SVKKK  |e AACR2 
041 0 |a slo 
044 |a xo  |c SK 
080 |a 328.1  |2 1997 
080 |a 330  |2 1997 
100 1 |a Havrľová, Denisa,  |d 1971-  |4 aut  |9 1101914 
245 1 0 |a Úrad splnomocnenkyne vlády SR pre rómske komunity pripravuje intenzívnu informačnú kampaň o zavedení eura  |c Denisa Havrľová ; Ivan Hriczko 
300 |b Fotogr. 
610 1 7 |a Slovensko.  |b Úrad vlády.  |b Úrad splnomocnenca vlády SR pre rómske komunity  |2 snkbucl  |9 235520 
650 0 7 |a informačná kampaň  |x zavedenie eura  |x rómska komunita  |z Slovensko  |2 snkbucl  |9 1243107 
700 1 |a Hriczko, Ivan  |4 ive  |9 1243108 
773 0 |t Romano nevo ľil  |g Roč. 17, č. 807-812 (2007), s. 2 
852 |a SVKKK  |b BIB 
958 |a RQ 
999 |c 2202195  |d 2204125